| 000 | 00325nam a22001337a 4500 | ||
|---|---|---|---|
| 020 | _qHB. | ||
| 040 | _cFIZZA ISHAQ | ||
| 082 |
_a624.1536 _bMUN |
||
| 100 | _aBUDHU,MUNI. | ||
| 245 |
_aSOIL MECHANICS AND FOUNDATIONS / _cMUNI BUDHU. |
||
| 260 |
_aNEW YORK ; _bJOHN WILEY SON, _c2011. |
||
| 300 | _a761 P. ; | ||
| 942 |
_2ddc _cBK |
||
| 999 |
_c589344 _d589344 |
||